=LDR 00000nam 2200000 4500 =001 INLIS000000000049161 =990 ##$$a 21602576 =990 ##$$a 21602576 =005 20200326092357 =990 ##$$a 21602575 =990 ##$$a 21602575 =035 ##$$a 0010-011700000000442 =990 ##$$a 21602577 =990 ##$$a 21602577 =008 200326################g##########0#ind## =990 ##$$a 21602578 =990 ##$$a 21602578 =020 ##$$a 978-602-96062-4-9 =990 ##$$a 21602579 =990 ##$$a 21602579 =040 ##$$a NBPDMAT =082 ##$$a 297 .98 =090 ##$$a 297 .98 Mus b =100 ##$$a Musthafa murad =245 1#$$a Biografi Istri - istri para nabi : mengarungi samudra hikmah dari kehidupan para wanita mulia /$c Musthafa Murad ; Penerjemah, Umar mujtahid ; Editor, Musthafa abdul qohhar =250 ##$$a Cet. 2 =260 ##$$a Solo :$b Qiblatuna,$c 2015 =300 ##$$a 304 hlm . ; $c 14,5 x 20,5 cm =650 #4$$a Biografi Istri - Istri Nabi =084 ##$$a 297 .98 MUS b =500 ##$$a Judul asli : Zaujatul anbiya =990 ##$$a 21602575 =990 ##$$a 21602576 =990 ##$$a 21602577 =990 ##$$a 21602578 =990 ##$$a 21602579 =990 ##$$a 21602576 =990 ##$$a 21602575 =990 ##$$a 21602577 =990 ##$$a 21602578 =990 ##$$a 21602579